| 000 -LEADER |
| fixed length control field |
00535nam a22000977a 4500 |
| 008 - FIXED-LENGTH DATA ELEMENTS--GENERAL INFORMATION |
| fixed length control field |
170626b xxu||||| |||| 00| 0 eng d |
| 100 ## - MAIN ENTRY--AUTHOR'S NAME |
| Author's Name |
Weiss, William |
| 245 ## - TITLE STATEMENT |
| Title |
The foreign mail cancellations of New York City 1870-1878 |
| 260 ## - PUBLICATION, DISTRIBUTION, ETC. (IMPRINT) |
| Place of publication, distribution, etc. |
[Bethlehem? PA] |
| Name of publisher, distributor, etc. |
[The Author] |
| Date of publication, distribution, etc. |
1990 |
| 650 ## - TOPICAL TERM (Tag) |
| Topical term or geographic name |
United States -- New York -- New York City | Postal Markings | Fancy Cancels | International Mail | Postal History | 1870-1878 | 19th Century | Post Offices | Maritime Mail | Shipping Companies and Packet Service | Transoceanic Mail | Covers | Collections |